00804nam a22002417a 450000100100000000500170001000800410002701000130006802000150008104000180009608200180011410000350013224500430016726000430021030000210025349000250027465000280029965000310032783000340035891000340039295201210042699900150054700000863120200929161357.0921001s1992 sp 000 0 spa  a92223488 a8423321142 aDO-SdBNPcDLC a863.44bG724e1 aGoytisolo, Luis,d1935-92306410aEstatua con palomas /cLuis Goytisolo. aBarcelona :bEdiciones Destino,c1992. a346 p. ;c20 cm.1 aAncora y delfinv680 4aNovela española91123 4aLiteratura española9632 0aAncora y delfin ;v680923065 aCatalogación por copia / LC 001052708MOaGRbGRcCTd2009-09-17iLF1l0o863.44 G724ep8631-10r2020-06-25w2020-06-25y2ZPréstamo interno c8401d8401